|
|
|
|
| LEADER |
00000nam a22000007a 4500 |
| 005 |
20200714221656.0 |
| 007 |
cr|||| |||| |
| 008 |
200714s2019 co |||||s|||| 00||0 spa d |
| 020 |
|
|
|a 978-958-12-0518-9
|
| 035 |
|
|
|a 31803
|
| 040 |
|
|
|a vLex
|
| 090 |
|
|
|c 10627
|d 10627
|
| 100 |
1 |
|
|a Rodrg̕uez Iturbe, Još
|
| 245 |
1 |
2 |
|a El nazismo y el Tercer Reich
|h [Recurso electrn̤ico] :
|b Intento de una revisin̤ cultural y polt̕ica de un tiempo trg̀ico /
|c Jos ̌Rodrg̕uez Iturbe
|
| 256 |
|
|
|a Servicio en ln̕ea
|
| 260 |
|
|
|a Cha̕:
|b Universidad de La Sabana,
|c 2019
|
| 300 |
|
|
|a 1 recurso electrn̤ico
|
| 500 |
|
|
|a La intencin̤ de estas pg̀inas, que nacieron de lecciones universitarias, es contribuir a completar la visin̤ de un tiempo oscuro, lleno de sr̤dida tragedia humana, como el representado por la toma del poder por Adolf Hitler y el nacional-socialismo alemǹ. Historias detalladas sobre personas y sucesos de ese tiempo abundan, pero siempre pueden darse aportes complementarios que pongan de relieve la crisis de la modernidad que los totalitarismos (en este caso, el nazi) representan. A partir de la premisa de que la academia no solo debe ocuparse del pasado trg̀ico en s,̕ sino procurar que su trabajo contribuya a evitar que lo antihumano tenga posibilidad de reaparecer o de que la edulcorada visin̤ de los crm̕enes de ayer aporte no a su comprensin̤ crt̕ica, sino a una indeseable y deformante justificacin̤, se hace necesario el estudio de los totalitarismos. El autor ha procurado dejar seąlada la madeja ms̀ turbia del origen mt̕ico-pagano, plagado de ocultismo, que en la Weltanschauung nacional-socialista termin ̤ms̀ en religin̤ polt̕ica que en planteamiento ideolg̤ico propiamente dicho.
|
| 506 |
1 |
|
|a Disponible solo en los productos indicados
|d vLex Global
|d vLex Global (Academic Edition, excluding Law Schools)
|d vLex Global (U.S. Academic Edition, Law Schools)
|d vLex Global (U.S. Academic Edition, excluding Law Schools)
|d vLex Global (Academic Edition, Law Schools)
|
| 650 |
0 |
4 |
|a Derecho Militar
|z Colombia
|
| 650 |
0 |
4 |
|a Ciencia polt̕ica
|z Colombia
|
| 740 |
0 |
|
|a vLex Libros (Servicio en ln̕ea)
|
| 856 |
4 |
0 |
|u http://vlex.com/source/nazismo-y-el-tercer-reich-intento-de-una-revision-cultural-y-politica-de-un-tiempo-tragico-31803
|z Acceso restringido
|
| 942 |
|
|
|c BOOK
|
| 999 |
0 |
|
|a Military Law
|
| 999 |
0 |
|
|a Political science
|